00470nmm a2200169Ia 4500008004100000020001800041041000800059100002800067245002400095264005200119300001800171490001400189650002200203856005100225942000700276999001700283251105s9999||||xx |||||||||||||||||und|| a9788481099317 aspa aLongares Alonso, Manuel 0aLas cuatro esquinas a[Madrid, España] :bGalaxia Gutenberg, c2011 a310 páginas aNarrativa aSpanish narrative uhttps://public.digitaliapublishing.com/a/28848 cCF c85814d85814